| 000 | 00000nam##2200000za#4500 |
| 001 | 9.577140 |
| 003 | CaOODSP |
| 005 | 20210624185454 |
| 007 | cr ||||||||||| |
| 008 | 150406|1992||||xxc|||||o f|0| 0 eng|d |
| 040 | |aCaOODSP|beng |
| 043 | |an-cn--- |
| 086 | 1 |aFs97-13/887E-PDF |
| 110 | 1 |aCanada. |bDepartment of Fisheries and Oceans. |
| 245 | 10|aData on amphidromous and freshwater fish from Central Victoria Island and freshwater systems draining into Melville Sound and Elu Inlet, N.W.T., Canada / |h[electronic resource]|cby E.C. Gyselman and L.K Gould. |
| 260 | |aWinnipeg - Manitoba : |bFisheries and Oceans Canada |c1992. |
| 300 | |a110p.|bfigs., references, tables |
| 490 | 1 |aCanadian data report of fisheries and aquatic sciences|vNo. 887 |
| 500 | |aOn t.p.: Central and Arctic Region, Winnipeg, Manitoba. Catalogue number and ISSN of the print edition appear in the PDF version. |
| 546 | |a(Résumé en français) |
| 590 | |a13-19-Supp|b2013-08-14 |
| 720 | 1 |aGould, L. K. |
| 720 | 1 |aGyselman, E. C. |
| 830 | #0|aCanadian data report of fisheries and aquatic sciences ;|vNo. 887|w(CaOODSP)9.505124 |
| 856 | 40|ahttp://publications.gc.ca|qPDF|s1744 KB|uhttps://publications.gc.ca/collections/collection_2013/mpo-dfo/Fs97-13-887-eng.pdf|yNo. 887 |